New Zealand Rugby All Blacks - Played test rugby aged 35 or older - Statistics

General Stats
  • This quiz has been taken 322 times
    21 since last reset
  • The average score is 5 of 12
Answer Stats
Year of Most Recent Test Age Player % Correct
2023 35 years, 16 days Sam Whitelock
85%
2015 36 years, 225 days Keven Mealamu
80%
2011 36 years, 262 days Brad Thorn
70%
2023 36 years, 308 days Dane Coles
55%
1971 35 years, 72 days Colin Meads
40%
2013 35 years, 72 days Andrew Hore
30%
1997 35 years, 305 days Frank Bunce
30%
1985 35 years, 7 days Andy Haden
20%
1995 35 years, 226 days Richard Loe
20%
1985 35 years, 287 days John Ashworth
15%
1986 35 years, 11 days Gary Knight
10%
1977 35 years, 136 days Tane Norton
10%
No matching quizzes found
Score Distribution
Percent of People with Each Score
Percentile by Number Answered
Your Score History
You have not taken this quiz since the last reset